Countries With The Most Lithium Reserves (Map) - Statistics

General Stats
  • This quiz has been taken 98 times
  • The average score is 6 of 8
Answers on the Map
Answers color-coded by a green-red scale on the quiz's map according to % correct below.
 
Answer Stats
Number Reserves by 1000 tons Answer % Correct
8 35 United States
98%
5 70 Australia
96%
3 1000 China
96%
7 54 Brazil
93%
1 8000 Chile
85%
2 2000 Argentina
83%
4 70 Zimbabwe
20%
6 60 Portugal
17%
No matching quizzes found
Score Distribution
Percent of People with Each Score
Percentile by Number Answered
Your Score History
You have not taken this quiz